000 00559nam a2200229Ia 4500
003 OSt
005 20230318102250.0
008 210423s1987 xx 000 0 und d
020 _a30081394
040 _cAL
041 _aeng
082 _a540
_223
_b JONM
100 _aJONES (Mark M);others.
_949127
245 _aChemistry and society.
250 _a5
260 _aUSA
_bCambridge University Press
_c1987
300 _axviii,700,A27,I25
_bHB
365 _cINR
650 _aChemistry
_949128
906 _aChemistry ; society.
942 _2ddc
_cBK
999 _c153774
_d153774